[Event "8th Asian Continental/Individu"]
[Site "Subic Bay Free Port"]
[Date "2009.05.17"]
[Round "5.2"]
[White "Munguntuul, Batkhuyag"]
[Black "Zhang, Xiaowen"]
[Result "0-1"]
[WhiteElo "2440"]
[BlackElo "2340"]
[PlyCount "44"]
[EventDate "2009.05.13"]

1. e4 e6 2. d4 d5 3. Nc3 Nf6 4. e5 Nfd7 5. f4 c5 6. Nf3 Nc6 7. Be3 Be7 8. Qd2
O-O 9. O-O-O c4 10. f5 b5 11. g4 b4 12. Ne2 Qa5 13. Kb1 c3 14. Qe1 cxb2 15. f6
gxf6 16. Qh4 Ba6 17. Ng3 b3 18. cxb3 Nb4 19. a4 Qc7 20. Ne1 Qc3 21. Bd3 Bxd3+
22. Rxd3 Nxd3 0-1

[Event "8th Asian Continental/Individu"]
[Site "Subic Bay Free Port"]
[Date "2009.05.17"]
[Round "5.3"]
[White "Mohota, Nisha"]
[Black "Tania, Sachdev"]
[Result "1/2-1/2"]
[WhiteElo "2304"]
[BlackElo "2423"]
[PlyCount "71"]
[EventDate "2009.05.13"]

1. d4 Nf6 2. c4 e6 3. a3 b6 4. Nc3 Bb7 5. d5 d6 6. Nf3 Be7 7. e4 O-O 8. Bd3 c6
9. O-O Na6 10. b4 Nc7 11. dxc6 Bxc6 12. Nd4 Bb7 13. Bb2 a6 14. Kh1 Nd7 15. f4
Bf6 16. Be2 g6 17. Bf3 Bg7 18. e5 d5 19. cxd5 exd5 20. Qb3 b5 21. Nxd5 Nxd5 22.
Bxd5 Bxd5 23. Qxd5 Nb6 24. Qb3 Nc4 25. Rad1 Qb6 26. Nc2 f6 27. Rd6 Qc7 28. Rfd1
fxe5 29. Bxe5 Bxe5 30. fxe5 Qf7 31. Rf6 Qe7 32. Rxf8+ Rxf8 33. Ne3 Qf7 34. h3
Nxe5 35. Qxf7+ Kxf7 36. Rd6 1/2-1/2

[Event "8th Asian Continental/Individu"]
[Site "Subic Bay Free Port"]
[Date "2009.05.17"]
[Round "5.5"]
[White "Ding, Yixin"]
[Black "Le, Thanh Tu"]
[Result "0-1"]
[WhiteElo "2281"]
[BlackElo "2326"]
[PlyCount "104"]
[EventDate "2009.05.13"]

1. e4 c5 2. Nc3 b6 3. f4 Bb7 4. d3 Nc6 5. g3 g6 6. Bg2 Bg7 7. Nf3 e6 8. O-O
Nge7 9. Qe1 O-O 10. h3 d5 11. Kh2 a6 12. g4 Nd4 13. Qf2 Qc7 14. e5 Nec6 15. Nd1
Nxf3+ 16. Qxf3 Rab8 17. g5 Nd4 18. Qf2 Nf5 19. Rh1 d4 20. Kg1 Rfd8 21. h4 c4
22. Bd2 Bxg2 23. Qxg2 cxd3 24. cxd3 Qc2 25. Rh3 Rbc8 26. b3 a5 27. Qe2 h5 28.
gxh6 Bxh6 29. Kf2 Ng7 30. Kf3 Nh5 31. Rh2 a4 32. bxa4 Qxa4 33. Nb2 Qa3 34. Bc1
Rxc1 35. Rxc1 Bxf4 36. Rhh1 Bxc1 37. Rxc1 b5 38. Rc2 Qxa2 39. Nd1 Qd5+ 40. Qe4
Qb3 41. Qe2 Rd5 42. Rb2 Qa3 43. Rc2 Qa8 44. Kg4 Qb8 45. Kf3 Qxe5 46. Qxe5 Rxe5
47. Nf2 Re3+ 48. Kg2 Nf4+ 49. Kh2 Nxd3 50. Kg1 Nxf2 51. Kxf2 Rh3 52. Rb2 Rh2+
0-1

[Event "8th Asian Continental/Individu"]
[Site "Subic Bay Free Port"]
[Date "2009.05.17"]
[Round "5.7"]
[White "Huang, Qian"]
[Black "Cua, Sherily"]
[Result "1/2-1/2"]
[WhiteElo "2410"]
[BlackElo "2143"]
[PlyCount "140"]
[EventDate "2009.05.13"]

1. d4 d5 2. c4 e6 3. Nc3 Nf6 4. Bg5 Be7 5. e3 O-O 6. Nf3 Nbd7 7. Qc2 c6 8. Bd3
Re8 9. O-O dxc4 10. Bxc4 b5 11. Bd3 a6 12. Ne4 Bb7 13. Bxf6 gxf6 14. Rfd1 Qc7
15. a4 b4 16. Nc5 Nxc5 17. dxc5 h6 18. Qc4 a5 19. Qg4+ Kh8 20. Qh5 Bf8 21. Nd4
Kg8 22. Rac1 Rad8 23. Nb3 Rd5 24. Qe2 Red8 25. Bc4 Rxd1+ 26. Rxd1 Rxd1+ 27.
Qxd1 Be7 28. f4 Bc8 29. Kf2 Kg7 30. Qd4 Qd8 31. Qe4 Bd7 32. g3 f5 33. Qd3 Bc8
34. Qc2 Bf6 35. Be2 Qc7 36. Qd2 Be7 37. Qd4+ f6 38. Qc4 e5 39. Qc2 Be6 40. Bc4
Bc8 41. Qd1 Bd8 42. Qd3 Qd7 43. Qe2 Qe7 44. Qd3 Qd7 45. Qc2 Qe7 46. Bd3 Be6 47.
Bc4 Bc8 48. Ke2 Bc7 49. Kd2 Qd7+ 50. Kc1 Qe7 51. Kb1 Qd7 52. Ka2 Qe7 53. Qe2
Bd8 54. Qg2 Bd7 55. h3 Bc7 56. e4 fxe4 57. Qxe4 f5 58. Qe3 Qe8 59. Qd2 exf4 60.
gxf4 Be6 61. Qe2 Bd7 62. Qg2+ Qg6 63. Qf3 Qe8 64. Nd4 Qe4 65. Qg3+ Kf6 66. Qg8
Qe7 67. Qg3 Qxc5 68. Qh4+ Kg6 69. Qg3+ Kf6 70. Qh4+ Kg6 1/2-1/2

[Event "8th Asian Continental/Individu"]
[Site "Subic Bay Free Port"]
[Date "2009.05.17"]
[Round "5.8"]
[White "Gu, Xiaobing"]
[Black "Nadig, Kruttika"]
[Result "1-0"]
[WhiteElo "2336"]
[BlackElo "2361"]
[PlyCount "81"]
[EventDate "2009.05.13"]

1. e4 c5 2. Nc3 d6 3. f4 g6 4. Nf3 Bg7 5. Bc4 e6 6. O-O Ne7 7. d4 O-O 8. dxc5
dxc5 9. Be3 Qc7 10. Qe1 a6 11. a4 b6 12. Qh4 Nbc6 13. f5 gxf5 14. Qh5 Nd4 15.
Bh6 Bxh6 16. Qxh6 f6 17. Nh4 Qe5 18. Rf4 Bb7 19. Raf1 Kh8 20. Bd3 Rg8 21. g3 c4
22. Bxc4 Qc5 23. Qxf6+ Rg7 24. Bd3 Ne2+ 25. Kg2 Nxf4+ 26. Rxf4 Qe3 27. Kh3 Re8
28. exf5 exf5 29. Bxf5 Qg1 30. Bd7 Reg8 31. Be6 Bc8 32. Bxc8 Rxc8 33. Rg4 Rcg8
34. Nd5 Qd1 35. Ne3 Qe2 36. Re4 Qh5 37. Rxe7 Qg5 38. Qxg5 Rxg5 39. Nhf5 R5g6
40. Kg2 Rd8 41. Kf3 1-0

[Event "8th Asian Continental/Individu"]
[Site "Subic Bay Free Port"]
[Date "2009.05.17"]
[Round "5.9"]
[White "Karavade, Eesha"]
[Black "Perena, Catherine"]
[Result "1-0"]
[WhiteElo "2359"]
[BlackElo "2184"]
[PlyCount "127"]
[EventDate "2009.05.13"]

1. d4 d5 2. c4 c6 3. Nf3 Nf6 4. e3 e6 5. Bd3 Nbd7 6. O-O Bd6 7. Nc3 O-O 8. e4
dxc4 9. Bxc4 e5 10. Bb3 Qc7 11. h3 h6 12. Be3 Re8 13. Rc1 a6 14. dxe5 Nxe5 15.
Nh4 Be6 16. Bxe6 Rxe6 17. f4 Nc4 18. Qe2 Nxe3 19. Qxe3 Qa5 20. Qf3 Bc5+ 21. Kh1
Bd4 22. e5 Bxc3 23. Rxc3 Nd5 24. Ra3 Qd2 25. Rb3 b5 26. Nf5 Rf8 27. Qe4 Nf6 28.
Qd3 Qxd3 29. Rxd3 Ne4 30. Rd4 Nc5 31. Rc1 Na4 32. b3 Nb6 33. Nd6 f6 34. Rxc6
fxe5 35. fxe5 Nd7 36. Nc8 Rxc6 37. Ne7+ Kf7 38. Nxc6 Nc5 39. Rd5 Ne4 40. Rd7+
Ke6 41. Rxg7 Kd5 42. Nb4+ Kxe5 43. Nxa6 h5 44. Rh7 Kf4 45. Kh2 Ng3 46. Nc7 Rg8
47. Nxb5 Nf1+ 48. Kg1 Ne3 49. Rf7+ Ke4 50. Rf2 Rd8 51. Nc3+ Kd3 52. Na4 Rc8 53.
Nb2+ Ke4 54. Re2 Rc1+ 55. Kf2 Rf1+ 56. Kg3 Kd4 57. Rf2 Nf5+ 58. Kf3 Rc1 59. Nc4
Rc3+ 60. Kf4 Ng3 61. Rd2+ Kc5 62. Ne3 h4 63. Rc2 Kd4 64. Nf5+ 1-0

[Event "8th Asian Continental/Individu"]
[Site "Subic Bay Free Port"]
[Date "2009.05.17"]
[Round "5.10"]
[White "Nguyen, Thi Thanh An"]
[Black "Muminova, Nafisa"]
[Result "1-0"]
[WhiteElo "2324"]
[BlackElo "2212"]
[PlyCount "47"]
[EventDate "2009.05.13"]

1. Nf3 Nf6 2. c4 e6 3. g3 d5 4. Bg2 Be7 5. O-O O-O 6. d4 b6 7. Nc3 Ba6 8. Ne5
c6 9. cxd5 cxd5 10. Re1 Nfd7 11. Nxd7 Qxd7 12. e4 dxe4 13. Bxe4 Bb7 14. d5 e5
15. d6 Bf6 16. Qh5 g6 17. Qf3 Bxe4 18. Qxf6 Qf5 19. Nxe4 Nd7 20. Qxf5 gxf5 21.
Nc3 Rac8 22. Be3 e4 23. Nd5 Rc2 24. Rac1 1-0

[Event "8th Asian Continental/Individu"]
[Site "Subic Bay Free Port"]
[Date "2009.05.17"]
[Round "5.11"]
[White "Meenakshi, Subbaraman"]
[Black "Camacho, Chardine Cheradee"]
[Result "1-0"]
[WhiteElo "2303"]
[BlackElo "2166"]
[PlyCount "59"]
[EventDate "2009.05.13"]

1. c4 c5 2. Nc3 g6 3. g3 Bg7 4. Bg2 Nc6 5. Nf3 d6 6. O-O e6 7. e3 Nge7 8. d4
cxd4 9. exd4 O-O 10. Re1 Nf5 11. d5 Ncd4 12. Nxd4 Nxd4 13. Ne2 Nf5 14. Rb1 Rb8
15. b4 Ne7 16. dxe6 fxe6 17. Nd4 Bxd4 18. Qxd4 e5 19. Qxa7 Bf5 20. Bh6 Bxb1 21.
Bxf8 Qxf8 22. Rxb1 Ra8 23. Qxb7 Rxa2 24. Qf3 Qxf3 25. Bxf3 Ra3 26. Kg2 Rc3 27.
b5 Rxc4 28. b6 d5 29. Bg4 Kf7 30. Bd7 1-0

[Event "8th Asian Continental/Individu"]
[Site "Subic Bay Free Port"]
[Date "2009.05.17"]
[Round "5.13"]
[White "Ghader Pour, Shayesteh"]
[Black "Pourkashiyan, Atousa"]
[Result "1/2-1/2"]
[WhiteElo "2156"]
[BlackElo "2273"]
[PlyCount "64"]
[EventDate "2009.05.13"]

1. e4 e5 2. Nf3 Nf6 3. Nxe5 d6 4. Nf3 Nxe4 5. Qe2 Qe7 6. d3 Nf6 7. Bg5 Qxe2+ 8.
Bxe2 Be7 9. Nc3 c6 10. O-O-O Na6 11. Rhe1 Nc7 12. Ne4 Nxe4 13. dxe4 Ne6 14.
Bxe7 Kxe7 15. Nd4 Nxd4 16. Rxd4 Be6 17. b3 f5 18. Bc4 Bxc4 19. Rxc4 Rad8 20.
Rc3 Rhe8 21. Rce3 Kf7 22. c3 Re5 23. Kc2 Rde8 24. Kb2 g5 25. Kc2 h5 26. Kb2 Kg6
27. Kc2 g4 28. g3 R5e6 29. Kd3 Kg5 30. R1e2 Rh8 31. Re1 Rhe8 32. R1e2 Rh8
1/2-1/2

[Event "8th Asian Continental/Individu"]
[Site "Subic Bay Free Port"]
[Date "2009.05.17"]
[Round "5.14"]
[White "Wang, Xiaohui"]
[Black "Salvador, Aices"]
[Result "1-0"]
[WhiteElo "2265"]
[BlackElo "2040"]
[PlyCount "69"]
[EventDate "2009.05.13"]

1. d4 d5 2. c4 c6 3. Nf3 Nf6 4. Nc3 dxc4 5. a4 Bf5 6. Ne5 Nbd7 7. Nxc4 e6 8. g3
Nb6 9. Ne5 Bb4 10. Bg2 Ne4 11. Bxe4 Bxe4 12. O-O Bf5 13. a5 Nd5 14. Qb3 Bh3 15.
Rd1 O-O 16. a6 bxa6 17. Rxa6 c5 18. dxc5 Bxc5 19. Ne4 Bb6 20. Ng5 Qf6 21. Ngf3
Qe7 22. e4 Qb7 23. Qc4 Rac8 24. Qe2 Nb4 25. Ra4 Rc2 26. Bd2 a5 27. b3 f5 28.
Ng5 Bg4 29. Nxg4 fxg4 30. Qxg4 Rxf2 31. Qxe6+ Kh8 32. Kh1 g6 33. Qe8+ Kg7 34.
Ne6+ Kf6 35. Bg5+ 1-0

[Event "8th Asian Continental/Individu"]
[Site "Subic Bay Free Port"]
[Date "2009.05.17"]
[Round "5.15"]
[White "Le, Kieu Thien Kim"]
[Black "Xu, Huahua"]
[Result "0-1"]
[WhiteElo "2277"]
[BlackElo "2093"]
[PlyCount "100"]
[EventDate "2009.05.13"]

1. e4 c5 2. Nf3 Nc6 3. c3 Nf6 4. d3 e5 5. Be2 d6 6. O-O g6 7. Ne1 Bg7 8. f4 O-O
9. fxe5 dxe5 10. Bg5 h6 11. Bh4 g5 12. Bf2 b6 13. Nd2 Be6 14. Nc2 Qd7 15. Ne3
Rad8 16. Bg3 Nxe4 17. Nxe4 f5 18. Nxf5 Bxf5 19. Qb3+ Be6 20. Qc2 Ne7 21. Rae1
Nd5 22. Rxf8+ Rxf8 23. Bf2 Nf4 24. Bf1 Rd8 25. Re3 Qf7 26. b3 Qg6 27. Be1 Nd5
28. Rg3 Rf8 29. Nf2 Nf4 30. Qd1 Bf5 31. Bd2 Nh5 32. Re3 Nf4 33. g3 Nd5 34. Re1
g4 35. Bg2 Rd8 36. Qc1 Nc7 37. Be4 Bxe4 38. Rxe4 h5 39. Qe1 Rf8 40. b4 Ne6 41.
Be3 Rf3 42. bxc5 Nxc5 43. Bxc5 bxc5 44. Rc4 Bh6 45. Kg2 Be3 46. Ne4 Qf5 47. Qe2
Qf7 48. Ra4 Qb7 49. Qd1 Rf2+ 50. Kh1 Rb2 0-1

[Event "8th Asian Continental/Individu"]
[Site "Subic Bay Free Port"]
[Date "2009.05.17"]
[Round "5.16"]
[White "Sun, Fanghui"]
[Black "Xu, Tong"]
[Result "0-1"]
[WhiteElo "2146"]
[BlackElo "2231"]
[PlyCount "84"]
[EventDate "2009.05.13"]

1. e4 c5 2. Nf3 Nc6 3. d4 cxd4 4. Nxd4 g6 5. Nxc6 bxc6 6. Qd4 f6 7. Nc3 Bg7 8.
Bc4 Qb6 9. Qd3 Nh6 10. h3 Nf7 11. Bxf7+ Kxf7 12. Be3 Qa5 13. O-O-O d6 14. f4
Be6 15. a3 Rhb8 16. g4 Kg8 17. f5 Bf7 18. h4 Rb7 19. Rdg1 Rab8 20. Nd1 Qa4 21.
h5 g5 22. h6 Bf8 23. Bd4 d5 24. e5 c5 25. Bxc5 Qf4+ 26. Qe3 fxe5 27. Rf1 Qxe3+
28. Bxe3 d4 29. Bxg5 Bd5 30. Rhg1 Rc8 31. Re1 Rbc7 32. c3 e4 33. Bf4 Rc5 34. g5
Bb7 35. Kb1 Rxf5 36. Bc1 e3 37. Nxe3 dxe3 38. Bxe3 a6 39. Bd4 Rc6 40. b4 Rg6
41. Re5 Rxe5 42. Bxe5 Bxh6 0-1

[Event "8th Asian Continental/Individu"]
[Site "Subic Bay Free Port"]
[Date "2009.05.17"]
[Round "5.17"]
[White "Tay, Li-Jin Jeslin"]
[Black "Dang, Bich Ngoc"]
[Result "1-0"]
[WhiteElo "2068"]
[BlackElo "2185"]
[PlyCount "113"]
[EventDate "2009.05.13"]

1. Nf3 Nf6 2. d4 g6 3. c4 c5 4. Nc3 Bg7 5. e4 cxd4 6. Nxd4 d6 7. Be2 O-O 8. O-O
Nc6 9. Be3 Bd7 10. Rc1 Qa5 11. f3 Rfc8 12. Qd2 Ne5 13. b3 a6 14. h3 Be8 15. Qb2
Rab8 16. Rc2 h6 17. Rfc1 Nfd7 18. Rd1 Nc6 19. Nxc6 bxc6 20. Qc1 Kh7 21. f4 Nc5
22. Bf3 Rb7 23. Kh1 Bxc3 24. Rxc3 Qxa2 25. Bxc5 dxc5 26. Qa1 Qxa1 27. Rxa1 Rb6
28. Ra5 Rcb8 29. Bd1 Ra8 30. Rc1 Kg7 31. Rca1 Rd8 32. Rxc5 Rd4 33. Bf3 Rd3 34.
Rca5 Rbxb3 35. Rxa6 Rbc3 36. Ra8 Bd7 37. R8a7 Bxh3 38. Rxe7 Rd7 39. Ra7 Rxc4
40. Rexd7 Bxd7 41. Rxd7 Rc1+ 42. Kh2 Kf8 43. e5 Rc4 44. Kg3 Rc3 45. Rc7 c5 46.
Kg4 Rd3 47. Rxc5 Rd7 48. Rb5 Rd4 49. Rb7 Kg8 50. Bc6 Kf8 51. Rd7 Rxd7 52. Bxd7
Ke7 53. Bc8 f6 54. e6 f5+ 55. Kh4 Kf6 56. g4 g5+ 57. Kg3 1-0

[Event "8th Asian Continental/Individu"]
[Site "Subic Bay Free Port"]
[Date "2009.05.17"]
[Round "5.20"]
[White "Le, Thi Phuong Lien"]
[Black "Mendoza, Beverly"]
[Result "1-0"]
[WhiteElo "2216"]
[BlackElo "2045"]
[PlyCount "75"]
[EventDate "2009.05.13"]

1. e4 e5 2. Nf3 Nc6 3. d4 exd4 4. Nxd4 Nf6 5. Nc3 Bb4 6. Nxc6 bxc6 7. Bd3 d5 8.
exd5 cxd5 9. O-O O-O 10. Bg5 c6 11. Qf3 Be7 12. h3 Rb8 13. b3 h6 14. Bf4 Bd6
15. Ne2 Re8 16. Ng3 Rb4 17. Bxd6 Qxd6 18. c4 Bd7 19. Rfe1 Rbb8 20. Bf5 Re5 21.
cxd5 cxd5 22. Bxd7 Nxd7 23. Red1 Rbe8 24. Nf1 d4 25. Qd3 Re4 26. Ng3 Rf4 27.
Ne2 Ne5 28. Qb5 Rb8 29. Qa4 Rf5 30. Qxd4 Qg6 31. Ng3 Rg5 32. Qd6 Rb6 33. Qxg6
Rbxg6 34. Rd4 Rc6 35. Rad1 Ng6 36. h4 Ra5 37. h5 Re5 38. Rd8+ 1-0

[Event "8th Asian Continental/Individu"]
[Site "Subic Bay Free Port"]
[Date "2009.05.17"]
[Round "5.21"]
[White "Li, Panru"]
[Black "Docena, Jedara"]
[Result "1-0"]
[WhiteElo "2146"]
[BlackElo "1999"]
[PlyCount "105"]
[EventDate "2009.05.13"]

1. d4 d6 2. c4 e5 3. d5 f5 4. Nc3 Nf6 5. e3 g6 6. Nge2 Bg7 7. g3 O-O 8. Bg2 Qe7
9. O-O e4 10. Nd4 Ng4 11. b4 Ne5 12. Qe2 Na6 13. Ba3 Bd7 14. Rab1 Rae8 15. c5
Nd3 16. Qc2 h5 17. c6 bxc6 18. dxc6 Bc8 19. Ncb5 Bxd4 20. Nxd4 Qe5 21. Rfd1 Qf6
22. Bf1 Ne5 23. Qa4 f4 24. exf4 g5 25. Bxa6 gxf4 26. Bxc8 fxg3 27. fxg3 Qf2+
28. Kh1 Rxc8 29. Qb3+ Kh7 30. Rb2 Qf6 31. Qe3 d5 32. Re2 Ng4 33. Qf4 Qg6 34.
Qd2 e3 35. Qc2 Qxc2 36. Nxc2 Nf2+ 37. Rxf2 exf2 38. Rf1 Rce8 39. b5 Rf7 40. Bc5
Re2 41. Nb4 Rb2 42. a3 Rb3 43. Bxa7 Rxa3 44. b6 cxb6 45. Bxb6 Rc3 46. c7 d4 47.
Nd5 Rc2 48. Bxd4 Kg6 49. Kg2 Rd7 50. Rxf2 Rc6 51. c8=Q Rxc8 52. Nb6 Rxd4 53.
Nxc8 1-0

[Event "8th Asian Continental/Individu"]
[Site "Subic Bay Free Port"]
[Date "2009.05.17"]
[Round "5.22"]
[White "Bernales, Christy Lamiel"]
[Black "Jose, Rulp Ylem"]
[Result "1/2-1/2"]
[WhiteElo "2041"]
[BlackElo "2054"]
[PlyCount "65"]
[EventDate "2009.05.13"]

1. e4 d5 2. exd5 Nf6 3. d4 Bg4 4. f3 Bf5 5. Bb5+ Nbd7 6. Nc3 a6 7. Bd3 Bxd3 8.
Qxd3 Nb6 9. Nge2 Nbxd5 10. O-O e6 11. Bg5 Be7 12. a3 O-O 13. Kh1 h6 14. Bh4 Re8
15. Rad1 Nh5 16. Bxe7 Qxe7 17. Rfe1 Rad8 18. Nxd5 exd5 19. g4 Nf6 20. Ng3 Qd6
21. Qd2 Nh7 22. Nf5 Qf6 23. Rxe8+ Rxe8 24. Re1 Re6 25. Kg2 Ng5 26. h3 Rxe1 27.
Qxe1 Ne6 28. Qb4 g6 29. Qe7 Qxe7 30. Nxe7+ Kg7 31. Nxd5 c6 32. Nb6 Nxd4 33. c3
1/2-1/2

[Event "8th Asian Continental/Individu"]
[Site "Subic Bay Free Port"]
[Date "2009.05.18"]
[Round "6.1"]
[White "Ju, Wenjun"]
[Black "Zhang, Xiaowen"]
[Result "1/2-1/2"]
[WhiteElo "2454"]
[BlackElo "2340"]
[PlyCount "46"]
[EventDate "2009.05.13"]

1. d4 Nf6 2. c4 g6 3. Nf3 Bg7 4. g3 O-O 5. Bg2 d6 6. O-O c6 7. Nc3 Qa5 8. e4 e5
9. h3 Nbd7 10. Re1 exd4 11. Nxd4 Ne5 12. Bf1 Re8 13. Be3 c5 14. Nb3 Qb4 15. Bd2
Qb6 16. f4 Nc6 17. Nd5 Nxd5 18. cxd5 c4+ 19. Be3 Qb4 20. Bd2 Qb6+ 21. Be3 Qb4
22. Bd2 Qb6+ 23. Be3 Qb4 1/2-1/2

[Event "8th Asian Continental/Individu"]
[Site "Subic Bay Free Port"]
[Date "2009.05.18"]
[Round "6.2"]
[White "Ding, Yixin"]
[Black "Swathi, Ghate"]
[Result "1-0"]
[WhiteElo "2281"]
[BlackElo "2330"]
[PlyCount "69"]
[EventDate "2009.05.13"]

1. e4 e5 2. Nf3 Nc6 3. Bb5 a6 4. Ba4 Nf6 5. O-O b5 6. Bb3 Bb7 7. Re1 Be7 8. c3
O-O 9. d4 d6 10. Nbd2 h6 11. Nf1 Re8 12. Ng3 Bf8 13. Bc2 Qd7 14. b3 Rad8 15. d5
Nb8 16. Nf5 c6 17. c4 Qc7 18. N3h4 Nbd7 19. Re3 Kh7 20. Rh3 cxd5 21. Nxh6 gxh6
22. Bxh6 Bxh6 23. Nf5 Rh8 24. Nxh6 Kg7 25. Nf5+ Kg8 26. Qd2 Rxh3 27. gxh3 Kf8
28. Qh6+ Ke8 29. Qh8+ Nf8 30. Qxf6 dxe4 31. Rd1 Ne6 32. h4 Ba8 33. h5 d5 34. h6
Nf8 35. Bxe4 1-0

[Event "8th Asian Continental/Individu"]
[Site "Subic Bay Free Port"]
[Date "2009.05.18"]
[Round "6.3"]
[White "Hoang, Thi Bao Tram"]
[Black "Gu, Xiaobing"]
[Result "1/2-1/2"]
[WhiteElo "2239"]
[BlackElo "2336"]
[PlyCount "102"]
[EventDate "2009.05.13"]

1. d4 Nf6 2. Nf3 g6 3. Bf4 d6 4. c3 Bg7 5. h3 O-O 6. Nbd2 c5 7. e3 b6 8. Be2
Bb7 9. a4 Nc6 10. O-O Rc8 11. Bh2 cxd4 12. exd4 Qd7 13. Nc4 Nd8 14. Ne3 Bh6 15.
Bb5 Qc7 16. Qe2 Ne6 17. Ng4 Nxg4 18. hxg4 Bd5 19. Nh4 Bg5 20. Nf3 Nf4 21. Qd1
h6 22. Nxg5 hxg5 23. Bxf4 gxf4 24. f3 Rcd8 25. Re1 Kg7 26. a5 e5 27. Qe2 Rh8
28. axb6 axb6 29. Kf2 Rh2 30. Rh1 Rdh8 31. Rxh2 Rxh2 32. Kg1 Rh8 33. Qf2 g5 34.
Re1 Rh6 35. Qd2 Re6 36. Bd3 exd4 37. cxd4 Qe7 38. Rxe6 Qxe6 39. Qf2 Qe8 40. Qd2
Qa4 41. Bf1 b5 42. Qd3 Qc4 43. Qc3 Qa4 44. Kh2 b4 45. Qc7 Qd1 46. Qe7 Qxd4 47.
Qxg5+ Kh8 48. Qf5 Kg7 49. Qg5+ Kh8 50. Qh5+ Kg8 51. Qg5+ Kh8 1/2-1/2

[Event "8th Asian Continental/Individu"]
[Site "Subic Bay Free Port"]
[Date "2009.05.18"]
[Round "6.4"]
[White "Sukandar, Irine Kharisma"]
[Black "Mohota, Nisha"]
[Result "1/2-1/2"]
[WhiteElo "2300"]
[BlackElo "2304"]
[PlyCount "106"]
[EventDate "2009.05.13"]

1. e4 e5 2. Nf3 Nc6 3. Bb5 a6 4. Ba4 Nf6 5. O-O Be7 6. Re1 b5 7. Bb3 d6 8. c3
O-O 9. d3 Na5 10. Bc2 c5 11. Nbd2 Nc6 12. Nf1 Re8 13. h3 h6 14. d4 cxd4 15.
cxd4 exd4 16. Nxd4 Nxd4 17. Qxd4 Be6 18. Ng3 Rc8 19. Bd3 Nd7 20. Nh5 Bf8 21.
Nf4 Ne5 22. Nxe6 Rxe6 23. Bf1 Rg6 24. Qd1 Qf6 25. f4 Rxc1 26. fxe5 Rxd1 27.
exf6 Rxe1 28. Rxe1 Rxf6 29. Rc1 Re6 30. Bd3 Re5 31. Rc8 d5 32. exd5 Rxd5 33.
Bc2 h5 34. Bb3 Rf5 35. Ra8 h4 36. Bc2 Rf6 37. Be4 g6 38. Bf3 Kg7 39. Kf1 b4 40.
Ke2 Bc5 41. b3 Rb6 42. Bd5 Rf6 43. Bf3 g5 44. Kd3 Rf4 45. Rxa6 Rd4+ 46. Ke2 f6
47. Ra5 Bd6 48. Rd5 Rxd5 49. Bxd5 f5 50. Kf3 Kf6 51. Bc4 Ke5 52. Bg8 Kd4 53.
Be6 Ke5 1/2-1/2

[Event "8th Asian Continental/Individu"]
[Site "Subic Bay Free Port"]
[Date "2009.05.18"]
[Round "6.5"]
[White "Tania, Sachdev"]
[Black "Huang, Qian"]
[Result "1/2-1/2"]
[WhiteElo "2423"]
[BlackElo "2410"]
[PlyCount "78"]
[EventDate "2009.05.13"]

1. d4 Nf6 2. c4 g6 3. Nc3 Bg7 4. e4 d6 5. h3 O-O 6. Bg5 Na6 7. Bd3 e5 8. d5 Qe8
9. g4 Bd7 10. Nge2 c6 11. a3 cxd5 12. cxd5 Nc5 13. Bc2 a5 14. b4 axb4 15. axb4
Rxa1 16. Qxa1 Na6 17. Qa5 Qd8 18. Kd2 Qxa5 19. bxa5 Ra8 20. Ra1 Nc5 21. Ra2 Ne8
22. Nc1 Nc7 23. Nd3 N7a6 24. Rb2 Nxd3 25. Bxd3 Nc5 26. Be3 Rxa5 27. Bxc5 Rxc5
28. Rxb7 Bh6+ 29. Kc2 Ba4+ 30. Kb2 Bc1+ 31. Kxc1 Rxc3+ 32. Kd2 Rc8 33. Ra7 Be8
34. g5 Kg7 35. h4 h6 36. Ra6 hxg5 37. hxg5 Rd8 38. Ra7 Kf8 39. Ra6 Ke7 1/2-1/2

[Event "8th Asian Continental/Individu"]
[Site "Subic Bay Free Port"]
[Date "2009.05.18"]
[Round "6.6"]
[White "Nguyen, Thi Thanh An"]
[Black "Munguntuul, Batkhuyag"]
[Result "0-1"]
[WhiteElo "2324"]
[BlackElo "2440"]
[PlyCount "138"]
[EventDate "2009.05.13"]

1. Nf3 Nf6 2. c4 c5 3. Nc3 Nc6 4. g3 e6 5. Bg2 Be7 6. O-O O-O 7. d4 d6 8. b3
Bd7 9. Bb2 Rb8 10. d5 Na5 11. e4 exd5 12. cxd5 Bg4 13. h3 Bxf3 14. Qxf3 b5 15.
Qe2 b4 16. Nd1 Nd7 17. Ne3 Bf6 18. Nf5 Rb6 19. Rac1 Re8 20. f4 Nb7 21. Rce1 a5
22. Ne3 Bd4 23. Kh2 Nf6 24. Nc4 Nxd5 25. Qd2 Nc3 26. Nxb6 Qxb6 27. e5 dxe5 28.
fxe5 Nd8 29. Qf4 Qe6 30. Qf3 Bxe5 31. Bxc3 bxc3 32. Qd3 h5 33. Re4 Nc6 34. Rfe1
Rd8 35. Qe3 c2 36. Qxc5 Rd1 37. Qxc2 Rxe1 38. Rxe1 Bxg3+ 39. Kxg3 Qxe1+ 40. Kh2
Qe5+ 41. Kh1 Nb4 42. Qc8+ Kh7 43. a3 Nd3 44. Qc4 Qf5 45. Kh2 g6 46. Qe4 Qd7 47.
Qc6 Qe7 48. Qd5 Qc7+ 49. Kh1 Nf4 50. Qc6 Qe5 51. Qf3 Kg7 52. Bf1 Qd4 53. Bc4 g5
54. Bf1 h4 55. Kh2 Qb2+ 56. Kh1 Qxa3 57. Qc3+ Kg8 58. Qe5 Ne6 59. Bc4 Qc1+ 60.
Kg2 Nf4+ 61. Kf3 Qd1+ 62. Ke4 Qe1+ 63. Kf5 Qxe5+ 64. Kxe5 Nxh3 65. Kf6 Kf8 66.
Bxf7 g4 67. Be6 Nf2 68. Kg5 g3 69. Bd5 h3 0-1

[Event "8th Asian Continental/Individu"]
[Site "Subic Bay Free Port"]
[Date "2009.05.18"]
[Round "6.7"]
[White "Meenakshi, Subbaraman"]
[Black "Karavade, Eesha"]
[Result "1/2-1/2"]
[WhiteElo "2303"]
[BlackElo "2359"]
[PlyCount "59"]
[EventDate "2009.05.13"]

1. Nf3 Nf6 2. c4 c5 3. d4 cxd4 4. Nxd4 d5 5. cxd5 Nxd5 6. g3 e5 7. Nc2 Nc6 8.
Bg2 Be6 9. O-O Bc5 10. e4 Ndb4 11. Nxb4 Qxd1 12. Rxd1 Nxb4 13. Nc3 Rd8 14. Bg5
f6 15. Rxd8+ Kxd8 16. Be3 Bxe3 17. fxe3 Ke7 18. Rc1 Rc8 19. Bf1 Rd8 20. a3 Na2
21. Nxa2 Bxa2 22. Bh3 Be6 23. Bxe6 Kxe6 24. Rc2 Rd3 25. Kf2 Kd7 26. Ke2 Rb3 27.
Rd2+ Kc6 28. Rc2+ Kb6 29. Rd2 Kc6 30. Rc2+ 1/2-1/2

[Event "8th Asian Continental/Individu"]
[Site "Subic Bay Free Port"]
[Date "2009.05.18"]
[Round "6.8"]
[White "Cua, Sherily"]
[Black "Zhang, Jilin"]
[Result "0-1"]
[WhiteElo "2143"]
[BlackElo "2335"]
[PlyCount "84"]
[EventDate "2009.05.13"]

1. d4 Nf6 2. c4 g6 3. Nf3 Bg7 4. g3 d5 5. Bg2 O-O 6. cxd5 Nxd5 7. O-O Nc6 8.
Nc3 Nb6 9. d5 Na5 10. Qc2 c6 11. dxc6 Nxc6 12. Rd1 Bd7 13. Be3 Nc4 14. Bf4 Qc8
15. Qc1 Re8 16. Bh6 Bh8 17. Rb1 N6e5 18. b3 Nxf3+ 19. Bxf3 Ne5 20. Bg2 Ng4 21.
Bd2 Bc6 22. e4 Qe6 23. Nd5 Rac8 24. Qa3 Bxd5 25. exd5 Qb6 26. Be1 Bc3 27. Rb2
Bxb2 28. Qxb2 Qc5 29. Qe2 Nf6 30. Qf3 Red8 31. a4 Rd6 32. Qe3 Qxe3 33. fxe3 Ng4
34. Bd2 f5 35. a5 Nf6 36. Bb4 Rd7 37. d6 exd6 38. Rxd6 Rc1+ 39. Kf2 Rxd6 40.
Bxd6 Ne4+ 41. Bxe4 fxe4 42. b4 Rc2+ 0-1

[Event "8th Asian Continental/Individu"]
[Site "Subic Bay Free Port"]
[Date "2009.05.18"]
[Round "6.9"]
[White "Le, Thanh Tu"]
[Black "Nguyen, Thi Mai Hung"]
[Result "1/2-1/2"]
[WhiteElo "2326"]
[BlackElo "2295"]
[PlyCount "69"]
[EventDate "2009.05.13"]

1. c4 e6 2. d4 d5 3. Nf3 c6 4. g3 Nf6 5. Bg2 Bd6 6. Nc3 Nbd7 7. O-O O-O 8. Nd2
Be7 9. e4 dxe4 10. Ndxe4 Nxe4 11. Nxe4 Nf6 12. Bf4 Nxe4 13. Bxe4 Bf6 14. Be5 g6
15. Qe2 Bg7 16. Bxg7 Kxg7 17. Rfd1 Qf6 18. Bg2 Bd7 19. Rd2 Rad8 20. Rad1 Bc8
21. Qe3 Rfe8 22. Qa3 a6 23. Qc5 Rd7 24. a4 Qe7 25. Qa5 Red8 26. b4 Qf6 27. Qb6
Rd6 28. Qc5 Qf5 29. Qxf5 gxf5 30. f4 R6d7 31. Kf2 Rc7 32. a5 Kf6 33. Re1 Bd7
34. Re5 Rb8 35. c5 1/2-1/2

[Event "8th Asian Continental/Individu"]
[Site "Subic Bay Free Port"]
[Date "2009.05.18"]
[Round "6.10"]
[White "Pourkashiyan, Atousa"]
[Black "Wang, Xiaohui"]
[Result "1-0"]
[WhiteElo "2273"]
[BlackElo "2265"]
[PlyCount "63"]
[EventDate "2009.05.13"]

1. e4 c5 2. Nf3 e6 3. d4 cxd4 4. Nxd4 a6 5. Bd3 Nf6 6. O-O Qc7 7. c4 g6 8. Nc3
Bg7 9. Be3 O-O 10. Rc1 d6 11. f3 Nbd7 12. b3 b6 13. Qd2 Bb7 14. Kh1 Nc5 15. Bb1
Rfd8 16. Rfd1 Rac8 17. Nde2 Ne8 18. Na4 Nd7 19. Qb4 Bc6 20. Bg5 f6 21. Be3 Nc5
22. Nac3 Bf8 23. Qa3 d5 24. exd5 exd5 25. b4 d4 26. Nxd4 Qe5 27. Nxc6 Rxc6 28.
Rxd8 Qxe3 29. bxc5 Rxc5 30. Qb2 Rxc4 31. Be4 Rb4 32. Qc2 1-0